| 000 | 00336nam a2200133Ia 4500 | ||
|---|---|---|---|
| 005 | 20251222141827.0 | ||
| 008 | 251222s9999||||xx |||||||||||||| ||spa|| | ||
| 020 | _a9972-9634-2-X | ||
| 082 | _a745.585/C32 | ||
| 100 | _aCasanto Shingari, Enrique | ||
| 245 | 0 | _aArte y Cultura del Monte: | |
| 264 | _bFondo Editorial UNMSM | ||
| 942 | _cLIB | ||
| 999 |
_c6995 _d6995 |
||